<?xml version="1.0" encoding="UTF-8"?><?xml-stylesheet type="text/xsl" href="static/style.xsl"?><OAI-PMH xmlns="http://www.openarchives.org/OAI/2.0/" xmlns:xsi="http://www.w3.org/2001/XMLSchema-instance" xsi:schemaLocation="http://www.openarchives.org/OAI/2.0/ http://www.openarchives.org/OAI/2.0/OAI-PMH.xsd"><responseDate>2026-06-07T16:53:39Z</responseDate><request verb="GetRecord" identifier="oai:docta.ucm.es:20.500.14352/131586" metadataPrefix="marc">https://docta.ucm.es/rest/oai/request</request><GetRecord><record><header><identifier>oai:docta.ucm.es:20.500.14352/131586</identifier><datestamp>2026-02-06T01:07:51Z</datestamp><setSpec>com_20.500.14352_14</setSpec><setSpec>col_20.500.14352_15</setSpec></header><metadata><record xmlns="http://www.loc.gov/MARC21/slim" xmlns:dcterms="http://purl.org/dc/terms/" xmlns:xsi="http://www.w3.org/2001/XMLSchema-instance" xmlns:doc="http://www.lyncode.com/xoai" xsi:schemaLocation="http://www.loc.gov/MARC21/slim http://www.loc.gov/standards/marcxml/schema/MARC21slim.xsd">
   <leader>00925njm 22002777a 4500</leader>
   <datafield ind2=" " ind1=" " tag="042">
      <subfield code="a">dc</subfield>
   </datafield>
   <datafield ind2=" " ind1=" " tag="720">
      <subfield code="a">Menéndez González, Iris</subfield>
      <subfield code="e">author</subfield>
   </datafield>
   <datafield ind2=" " ind1=" " tag="720">
      <subfield code="a">Gómez Cano, Ana Rosa</subfield>
      <subfield code="e">author</subfield>
   </datafield>
   <datafield ind2=" " ind1=" " tag="720">
      <subfield code="a">Cantalapiedra, Juan L.</subfield>
      <subfield code="e">author</subfield>
   </datafield>
   <datafield ind2=" " ind1=" " tag="720">
      <subfield code="a">Blanco, Fernando</subfield>
      <subfield code="e">author</subfield>
   </datafield>
   <datafield ind2=" " ind1=" " tag="720">
      <subfield code="a">Gamboa Jurado-Centurión, Sara</subfield>
      <subfield code="e">author</subfield>
   </datafield>
   <datafield ind2=" " ind1=" " tag="720">
      <subfield code="a">Pelegrin Ramírez, Jonathan S.</subfield>
      <subfield code="e">author</subfield>
   </datafield>
   <datafield ind2=" " ind1=" " tag="720">
      <subfield code="a">Galli, Anna Emilia</subfield>
      <subfield code="e">author</subfield>
   </datafield>
   <datafield ind2=" " ind1=" " tag="720">
      <subfield code="a">Quesada García, Álvaro</subfield>
      <subfield code="e">author</subfield>
   </datafield>
   <datafield ind2=" " ind1=" " tag="720">
      <subfield code="a">Álvarez Sierra, María De Los Ángeles</subfield>
      <subfield code="e">author</subfield>
   </datafield>
   <datafield ind2=" " ind1=" " tag="720">
      <subfield code="a">Hernández Fernández, Manuel</subfield>
      <subfield code="e">author</subfield>
   </datafield>
   <datafield ind2=" " ind1=" " tag="260">
      <subfield code="c">2026-01-13</subfield>
   </datafield>
   <datafield ind2=" " ind1=" " tag="520">
      <subfield code="a">Aim: Habitat breadth shapes species' responses to environmental change and influences large-­ scale biodiversity patterns. According to Vrba's resource-­use hypothesis, biome specialists (inhabiting a single biome) exhibit higher speciation rates than generalists due to increased population isolation during habitat fragmentation, generally associated with past climate changes, particularly in biomes at extremes of the global climatic gradient. However, the phylogenetic and geographic distribution of biome specialists remains poorly understood. Here, we use squirrels to assess whether: (1) clades accumulate more specialist species than expected by chance, (2) this accumulation is associated with biomes at the extremes of the climatic gradient (tropical rainforest, subtropical desert, steppe and tundra), (3) habitat specialisation relates to geographic patterns of phylogenetic diversity and (4) species-­ level recent speciation rates.
Location: Global.
Taxon: Squirrels (Sciuridae, Rodentia).
Methods: We compared observed biome specialisation indices (BSI) of species to MCMC-­generated null distributions. We then mapped global patterns of specialist and generalist richness, phylogenetic diversity and recent species-­ level speciation rates.
Results: Squirrels include more biome specialists than expected under a null model that randomises biome occupancy, supporting the resource-­use hypothesis. Tropical rainforests and steppes harboured more specialists than expected, whereas deserts and tundra did not, the latter likely due to their low species richness. Regions with high specialist richness (e.g., Southeast Asia) exhibited lower levels of phylogenetic diversity, consistent with Miocene speciation. In contrast, high recent speciation occurred in Holarctic steppes and South America, likely reflecting Pleistocene glacial radiations and post-­ Panamanian colonisation, respectively.
Main Conclusions: During periods of climatic change, the origin of new specialist lineages through rapid speciation led to specialist-­dominated and phylogenetically clustered faunas, particularly in fragmented biomes. However, recent speciation rates reflect emerging rather than historical diversification hotspots. The Sunda Shelf emerges as a key conservation priority due to its exceptional richness, low phylogenetic diversity and concentration of endemic specialists.</subfield>
   </datafield>
   <datafield ind1="8" ind2=" " tag="024">
      <subfield code="a">Menéndez, I., Gómez Cano, A.R., Cantalapiedra, J.L., Blanco, F., Gamboa, S., Pelegrin, J.S., Galli., E., Quesada, A., Álvarez-Sierra, M.A., &amp; Hernández Fernández, M. (2026). Biome specialization in squirrels: phylogenetic and geographic patterns. Journal of Biogeography 53, e70154.  https://doi.org/10.1111/jbi.70154</subfield>
   </datafield>
   <datafield ind1="8" ind2=" " tag="024">
      <subfield code="a">0305-0270</subfield>
   </datafield>
   <datafield ind1="8" ind2=" " tag="024">
      <subfield code="a">10.1111/jbi.70154</subfield>
   </datafield>
   <datafield ind1="8" ind2=" " tag="024">
      <subfield code="a">https://hdl.handle.net/20.500.14352/131586</subfield>
   </datafield>
   <datafield ind1="8" ind2=" " tag="024">
      <subfield code="a">1365-2699</subfield>
   </datafield>
   <datafield ind1="8" ind2=" " tag="024">
      <subfield code="a">https://doi.org/10.1111/jbi.70154</subfield>
   </datafield>
   <datafield ind1="8" ind2=" " tag="024">
      <subfield code="a">https://onlinelibrary.wiley.com/doi/10.1111/jbi.70154</subfield>
   </datafield>
   <datafield ind2="0" ind1="0" tag="245">
      <subfield code="a">Biome specialisation in squirrels: phylogenetic and geographic patterns</subfield>
   </datafield>
</record></metadata></record></GetRecord></OAI-PMH>